Physical chemistry (Record no. 39164)

MARC details
000 -LEADER
fixed length control field 00363nam a2200145Ia 4500
082 ## - DEWEY DECIMAL CLASSIFICATION NUMBER
Classification number 541.1
Item number FAR
100 ## - MAIN ENTRY--AUTHOR NAME
Personal name Daniels, Alberty
245 #0 - TITLE STATEMENT
Title Physical chemistry
250 ## - EDITION STATEMENT
Edition statement Ed.5
260 ## - PUBLICATION, DISTRIBUTION, ETC. (IMPRINT)
Place of publication New Delhi
Name of publisher Wiley Eastern
Year of publication 1984
650 ## - SUBJECT ADDED ENTRY--TOPICAL TERM
Topical Term Physical chemistry
700 ## - ADDED ENTRY--PERSONAL NAME
Personal name Farrington, Robert A
942 ## - ADDED ENTRY ELEMENTS (KOHA)
Koha item type Books
Holdings
Withdrawn status Lost status Damaged status Not for loan Home library Current library Date acquired Cost, normal purchase price Full call number Accession Number Koha item type
        RRII Library RRII Library 16/12/2021 50.00 541.1 FAR 19508 Books